Pays ayant l’arabe comme langue officielle par ordre alphabétique - Statistiques

Statistiques générales
  • Ce quiz a été pris 100 fois
  • Le résultat moyen est 11 sur 23
Statistiques - réponses
Hint Réponse % Correct
Afrique du Nord Algérie
100%
Moyen-Orient Arabie Saoudite
82%
Afrique du Nord Egypte
65%
Moyen-Orient Bahreïn
63%
Afrique du Nord Maroc
52%
Moyen-Orient Émirats Arabes Unis
48%
Afrique du Nord Tunisie
48%
Moyen-Orient Yemen
48%
Afrique de l’Est Djibouti
46%
Afrique du Nord Libye
44%
Moyen-Orient Irak
42%
Afrique de l’Est Comores
39%
Moyen-Orient Jordanie
38%
Afrique de l’Est Érythrée
37%
Moyen-Orient Oman
37%
Moyen-Orient Liban
35%
Moyen-Orient Syrie
35%
Afrique Centrale Tchad
35%
Afrique de l’Est Somali
34%
Moyen-Orient Koweit
33%
Moyen-Orient Qatar
33%
Afrique du Nord Soudan
33%
Afrique de l’Est Mauritanie
24%
Aucun quiz correspondant
Distribution des résultats
% des personnes avec chaque résultat
Percentile par nombre de réponses
Votre historique - résultats
Vous n’avez pas pris ce quiz